Most Populated Countries in 1600 - Statistics

General Stats
  • This quiz has been taken 305 times
    261 since last reset
  • The average score is 13 of 20
Answer Stats
Population Answer % Correct
160m Ming Empire
98%
20m French Empire
93%
80m Mughal Empire
93%
14m Tsardom of Russia
92%
30m Iberian Union
90%
26m Ottoman Empire
84%
18.5m Tokugawa Shogunate
84%
3.2m Persia
71%
7.95m Polish-Lithuanian Empire
68%
1.3m Kingdom of Sweden
61%
9.9m Joseon
60%
1m Denmark-Norway
58%
2m Siam
58%
20.3m Holy Roman Empire
51%
1.5m Dutch Republic
50%
4.5m Dai Viet
47%
5.6m British Empire
45%
2.25m Kingdom of Morocco
27%
5.55m Habsburg Monarchy
19%
2.2m Myanmar
11%
No matching quizzes found
Score Distribution
Percent of People with Each Score
Percentile by Number Answered
Your Score History
You have not taken this quiz since the last reset